Atlanta Rappers - Statistics

General Stats
  • This quiz has been taken 211 times
  • The average score is 14 of 50
Answer Stats
Hint Answer % Correct
Mask Off Future
88%
Drip Too Hard Lil Baby
86%
Pushin P Gunna
82%
Bad and Boujee Migos
81%
Magnolia Playboi Carti
77%
Ski Young Thug
75%
A Lot 21 Savage
74%
INDUSTRY BABY Lil Nas X
71%
Hey Ya! OutKast
67%
Crank That Soulja Boy
60%
Plug Walk Rich The Kid
52%
Publicity Stunt Gucci Mane
47%
Knock Knock SoFaygo
43%
Hell Shell Young Nudy
42%
Whatever You Like T.I.
34%
Turn Down For What Lil Jon
31%
Snake Lil Keed
31%
One Night Lil Yachty
31%
Airplanes B.o.B
30%
Act A Fool Ludacris
22%
We Own It 2 Chainz
20%
Big Energy Latto
20%
Type Of Way Rich Homie Quan
20%
No Hands Waka Flocka Flame
20%
Enemy JID
18%
Squidrific SahBabii
18%
PRBLMS 6LACK
17%
24 Money Man
17%
Watch Me Silento
16%
Put On Young Jeezy
14%
Da Real HoodBabies Lil Gotit
13%
All Gold Everything Trinidad James
12%
Jugg King Young Scooter
10%
Lottery K Camp
9%
Wet YFN Lucci
8%
Faygo Dreams 6 Dogs
7%
Shoulder Lean Young Dro
7%
Hot Boy Bankroll Fresh
6%
Throat Baby BRS Kash
6%
Make tha Trap Say Aye OJ da Juiceman
5%
OPP PARTY Doe Boy
4%
Death Note Lil Gnar
4%
Losin Control Russ
4%
Dying 2 Hit'em Slimelife Shawty
4%
Make a Toast Dolla
3%
Preach Peewee Longway
3%
Ain't My Fault Trouble
3%
Ridin Yung Bans
2%
The Real 1 Lil Marlo
1%
Walkin' Yung Mal
0%
No matching quizzes found
Score Distribution
Percent of People with Each Score
Percentile by Number Answered
Your Score History
You have not taken this quiz